000
00242nam a22000857a 4500
008
160630b xxu||||| |||| 00| 0 eng d
100
_9
1568
_a
Sarna, C.S., et al
245
_a
A New Book of Trigonometry
260
_a
New Delhi
_b
Arya Publication
_c
1965
999
_c
1296
_d
1296